| АИС "Историко-культурное наследие Беларуси" | ||
| Базовый | Расширенный | Профессиональный | Словарь персоналий | Тематический словарь | По видам объектов | История запросов Заказы | Регистрация | |
Запись в MARC-формате
| копировать MARC-запись |
=LDR 00000nx\\c2200265\\\45\\
=001 BY-NLB-ar1792060
=005 20160330095625.7
=100 \\$a20101009arusy50\\\\\\ca0
=152 \\$apsbo
=160 \\$ae-bw
=215 \\$aКостел Михаила Архангела (Гнезно, агрогородок; Волковысский район)
=300 1\$aПамятник архитектуры поздней готики с элементами ренессанса. Построен около 1524 г. из кирпича владельцами поместья Шеметовичами на месте деревянного храма. Со 2-й пол. 16 в. по 1643 г. – кальвинский собор. В 1838 г. костел поврежден пожаром, отстроен, в 1931–1932 гг. – реставрирован.
=356 \\$aНаходится в центре агрогородка Гнезно Волковысского района Гродненской области.
=415 \\$aГнезновский костел Михаила Архангела
=415 \\$aГнезновский Михайловский костел
=415 \\$aКостел Святого Архангела Михаила (Гнезно, агрогородок; Волковысский район)
=415 \\$aКостел Святого Михаила Архангела (Гнезно, агрогородок; Волковысский район)
=515 \\$5w$3BY-NLB-ar1792065$aКасцёл Міхаіла Архангела (Гнезна, аграгарадок; Ваўкавыскі раён)
=801 \0$aBY$bBY-HM0000$c20101009
=810 \\$aРеспублика Беларусь : энциклопедия. [В 7 т.]. Т. 3. — Минск, 2006.
=810 \\$aКаталіцкія храмы на Беларусі : энцыклапедычны даведнік / А. М. Кулагін. — Мінск, 2000.
=810 \\$aКаталіцкія храмы Беларусі / А. М. Кулагін. — Мінск, 2008.
=810 \\$aБеларуская энцыклапедыя. У 18 т. Т. 5. — Мінск, 1997.
=810 \\$aВялікае княства Літоўскае : энцыклапедыя. У 2 т. Т. 1. — Мінск, 2005.
=999 \\$f1848$t20101009
Чтобы вернуться назад, щелкните кнопку BACK на Вашем браузере